| 000 | 00613nam a22001695i 4500 | ||
|---|---|---|---|
| 001 | 169776 | ||
| 003 | ES-MaACL | ||
| 005 | 20230906214207.0 | ||
| 008 | 081126s1859 fr |||| | fre d | ||
| 080 | _a821.133.1-293"18" | ||
| 100 | 1 |
_aScribe, Eugène. _9104966 |
|
| 245 | 1 | 0 |
_aThéatre de Eugène Scribe. _nVI. |
| 260 |
_aParis : _bMichel Lévy Fréres, _c1859. |
||
| 300 |
_a352 p. ; _c18 cm. |
||
| 505 | 8 | _aContiene: Opéras-Comiques II: La prisión d'Edimbourg - Lestocq - Le chalet - Le cheval de bronze - L'ambassadrice | |
| 852 |
_aES-MaACL _jE-12280 _9R.190470 _z.- Biblioteca Jacinto Martínez Lacalle |
||
| 999 |
_c169776 _d169776 |
||